Statystyki dla Stany USA, których pierwsza litera jest niepowtarzalna

Kliknij tutaj aby rozwiązać quiz!

Ogólne statystyki

  • Ten quiz został rozwiązany 266 razy
    (109 od ostatniego zresetowania)
  • Średni wynik to 7 z 9

Statystyki odpowiedzi

Stan% Poprawnych
Floryda
88%
Hawaje
80%
Vermont
80%
Georgia
78%
Pennsylwania
78%
Utah
78%
Luizjana
77%
Rhode Island
77%
Connecticut
57%

Rozkład punktacji

Percentyl według liczby udzielonych odpowiedzi

Procent ludzi z każdym wynikiem

Twoja historia wyników

Nie rozwiązałeś tego quizu od ostatniego zresetowania